000 00339pam a2200145 a 4500
020 _c
041 _h
082 _bANT
100 _aAnthony robert N,
_eDeaden John .
245 _aMangment control systems
_hTextual Documents
250 _a1980 /
_b4.
260 _a[s.l]:
_bRichads D Irowin
300 _axi + 304 pg.
930 _a2432
999 _c79356
_d79356